Top 10 E! Shows (IMDB) - Statistics

General Stats
  • This quiz has been taken 4 times
    2 since last reset
  • The average score is 2 of 11
Answer Stats
Show Year(s) IMDB % Correct
E! True Hollywood Story 1996-Present 6.5
100%
The Royals 2015-2018 7.4
50%
The Soup 2004-2020 8.2
50%
After Lately 2011-2013 6.9
0%
Botched 2014-Present 6.9
0%
Celebrity Game Face 2020-Present 7.0
0%
E! Mysteries and Scandals 1998-2001 8.1
0%
Talk Soup 1991-2002 7.6
0%
The Arrangement 2017-2018 6.5
0%
The Grace Helbig Show 2015 7.3
0%
Total Divas 2013-2019 6.5
0%
No matching quizzes found
Score Distribution
Percent of People with Each Score
Percentile by Number Answered
Your Score History
You have not taken this quiz since the last reset